Score 0/15 Timer 03:00
1 Play Today
Rank Country % Correct
1China
99.4%
3Mexico
97.7%
2Canada
97.4%
8France
96%
5Germany
95.5%
7United Kingdom
95.5%
4Japan
95.1%
14Brazil
92.5%
Rank Country % Correct
11Italy
87.7%
9India
86.7%
6South Korea
79.6%
15Ireland
58.6%
13Netherlands
52.1%
10Taiwan
46.1%
12Switzerland
40.2%
Come Together.
Have Fun.
All Virtual.
We all need to come together. Play Sporcle's virtual live trivia to have fun, connect with people, and get your trivia on. Join a live hosted trivia game for your favorite pub trivia experience done virtually. If a virtual private party is more your thing, go here for details.

You're not logged in!

Compare scores with friends on all Sporcle quizzes.
OR
Log In

Sporcle TV

Today on Sporcle TV


Watch our educational content, quiz creation guides, and fun videos on Sporcle TV.

Show Comments

Extras

Top Quizzes Today


Score Distribution

Paid Content

Your Account Isn't Verified!

In order to create a playlist on Sporcle, you need to verify the email address you used during registration. Go to your Sporcle Settings to finish the process.

Report this User

Report this user for behavior that violates our Community Guidelines.

Details: